PR lý luận và ứng dụng /

Uloženo v:
Podrobná bibliografie
Hlavní autor: Đinh Thị Thúy Hằng
Médium: Kniha
Jazyk:Vietnamese
Vydáno: NXB Lao động Xã hội, 2014.
Témata:
Tagy: Přidat tag
Žádné tagy, Buďte první, kdo otaguje tento záznam!
Thư viện lưu trữ: Mạng thư viện Đại học Đà Nẵng
LEADER 01092cam a22003251a 4500
001 000035904
003 12196
005 20220316091316.0
008 160321s2014 enk 000 vie
041 |a vie 
082 |a 158  |b ĐI-H 
100 |a Đinh Thị Thúy Hằng 
245 0 |a PR lý luận và ứng dụng /  |c Đinh Thị Thúy Hằng. 
260 |a NXB Lao động Xã hội,  |c 2014. 
300 |a 427tr . : mh ; 30cm. 
650 |a PR lý luận và ứng dụng, PR lý luận, lý luận và ứng dụng 
852 |c Giáo trình 
OWN |a LNN 
AVA |a UDN50  |b LNN  |d 158 ĐI-H  |e available  |t Error 5001 Not defined in file expand_doc_bib_avail.  |f 1  |g 0  |h N  |i 0  |k 1 
999 |a From the UDN01 
AVA |a UDN50  |b LNN  |d 158 ĐI-H  |e available  |t Error 5001 Not defined in file expand_doc_bib_avail.  |f 1  |g 0  |h N  |i 0  |k 1 
TYP |a Monograph 
TYP |a Printed language 
980 |a Mạng thư viện Đại học Đà Nẵng